000
00333nam a2200145Ia 4500
008
191201s2005 xx 000 0 und d
082
_a
005.72
_b
JAH
100
_a
JAIN, Manish
245
0
_a
HTML Complete
250
_a
2nd
260
_a
N.Delhi
_b
BPB Publication
_c
2005
300
_a
1010
650
_a
B.Tech(CSE)
942
_2
ddc
_c
BK
999
_c
1981
_d
1981